000 00802nam a2200289Ia 4500
001 3232
003 IT-RoPAU
008 130308s9999 xx 000 0 und d
040 _aIT-RoPAU
040 _cIT-RoPAU
041 _aITALIANO
100 _aKlapper Joseph T.
100 _gCodice Aut. SPICS: 5074
245 _aEffetti sociali della comunicazione di massa (Gli)
245 _bComunicazioni e Cultura di Massa-Testi e Documenti
250 _a1a ed.
260 _aMILANO
260 _bHoepli
260 _c1970 [1° Ed.:1970 - Ed.Ling.Originale:1963]
300 _a"7 p. (prefazione: no ; testo: 7 [pagine: 245-251])"
650 _aSOCIOLOGIA DELLA COMUNICAZIONE SOCIALE
650 _eCodice materia Spics: 3806
942 _cBK
957 _71
999 _c44288
_d44288
999 _bSI
999 _g1